| Поле | Инд. | ПП | Название | Значение |
|---|---|---|---|---|
| Тип записи | a | |||
| Библиографический уровень | m | |||
| 001 | Контрольный номер | 44d4c81e95d449829cb8d6f425cf1229 | ||
| 005 | Дата корректировки | 20260526163136.6 | ||
| 020 | a | ISBN | 978-5-534-16687-3 | |
| 040 | b | Код языка каталог. | rus | |
| e | Правила каталог. | PSBO | ||
| 041 | 0_ | a | Код языка текста | rus |
| 080 | a | Индекс УДК | 657(075.8) | |
| 097 | b | Оператор | *Ж* | |
| 097 | b | Оператор | *Мал* | |
| 100 | 1_ | a | Автор | Воронченко Т.В. |
| 245 | 10 | a | Заглавие | Бухгалтерский учет |
| b | Продолж. заглавия | учебник и практикум для среднего профессионального образования | ||
| b | Продолж. заглавия | в составе учебно-методического комплекса | ||
| 250 | a | Основные сведения об издании | 4-е изд., перераб. и доп. | |
| 260 | a | Место издания | Москва | |
| b | Издательство | Юрайт | ||
| c | Дата издания | 2026 | ||
| 300 | a | Объем | 747 с. | |
| 440 | _0 | a | Серия | Профессиональное образование |
| 440 | _0 | a | Серия | УМК-У |
| 516 | 8_ | a | Прим. о типе комп. файла/ данных | Текст : электронный |
| a | Прим. о типе комп. файла/ данных | Режим доступа: по подписке | ||
| a | Прим. о типе комп. файла/ данных | Дата обращения 22.01.2026 | ||
| 520 | 0_ | a | Аннотация | В учебнике представлены основы бухгалтерского учета, исторические и методические аспекты его возникновения и развития. Особенностью издания является системный взгляд на предмет и метод учета и комплексный подход к рассмотрению их взаимосвязей и взаимозависимостей. В учебник включен практикум, содержащий задачи для практических (семинарских) занятий и самостоятельной работы студентов. Соответствует актуальным требованиям Федерального государственного образовательного стандарта высшего образования. Для студентов высших учебных заведений экономического профиля, преподавателей, а также руководителей и специалистов компаний, ориентированных на применение современных международных стандартов бухгалтерского учета и отчетности. |
| 535 | 1_ | a | Хранилище | Образовательная платформа Юрайт |
| 583 | a | Действие | Приписка : УМК | |
| 653 | 0_ | a | Ключевые слова | Бухгалтерский учет |
| a | Ключевые слова | Правовые основы | ||
| a | Ключевые слова | Внеоборотные активы | ||
| a | Ключевые слова | Земельные участки | ||
| a | Ключевые слова | Объекты природопользования | ||
| a | Ключевые слова | Основные средства | ||
| a | Ключевые слова | Затраты на производство | ||
| a | Ключевые слова | Готовая продукция | ||
| a | Ключевые слова | Капитал | ||
| a | Ключевые слова | Финансовая отчетность | ||
| a | Ключевые слова | СПО | ||
| 655 | 07 | a | Жанр/ форма (устаревшее) | У |
| 773 | 18 | w | Контрольный № источника | feb917f062a04ea78a39db31ac9a7c12 |
| 856 | 40 | u | URL | https://urait.ru/bcode/589436 |
| 901 | t | Тип документа | m | |
| 905 | b | Дата создания записи обработка | 02.04.26 | |
| c | Дата приписки | 26.05.26 | ||
| 952 | b | Гриф литературы для ВШ | Гриф УМО | |
| a | Тип литературы для КСУ ВШ | *У1* | ||
| 952 | e | Факультет | *ФУСК* | |
| 990 | g | Размещение заказа (DOS) | Образовательная платформа Юрайт |